Southville International School and Colleges
Your cart is empty.
  • Cart
  • Lists
    Public lists Eva Luna New books Lux_list list_1
    Your lists Log in to create your own lists
  • Log in to your account
  • Your cookies
  • Search history
Southville International School and Colleges
  • Advanced search
  • Recent comments
  • Most popular
  • Libraries

Log in to your account

Log in with GOOGLE


If you do not have an external account, but do have a local account, you can still log in:

  1. Home
  2. MARC view: The Canterbury tales. /
Normal view MARC view ISBD view

The Canterbury tales. / (Record no. 22243)

[ view plain ]
MARC details
000 -LEADER
fixed length control field 00724nam a2200205 a 4500
005 - DATE AND TIME OF LATEST TRANSACTION
control field 20140310183356.0
008 - FIXED-LENGTH DATA ELEMENTS--GENERAL INFORMATION
fixed length control field 121025s19uu xx 00 eng d
020 ## - INTERNATIONAL STANDARD BOOK NUMBER
International Standard Book Number 9780199599028
050 ## - LIBRARY OF CONGRESS CALL NUMBER
Classification number PR 1865
Item number .C496 2011
100 ## - MAIN ENTRY--PERSONAL NAME
Personal name Chaucer, Geoffrey
245 ## - TITLE STATEMENT
Title The Canterbury tales. /
Statement of responsibility, etc Geoffrey Chaucer ; a verse translation with an introduction and notes by David Wright.
260 ## - PUBLICATION, DISTRIBUTION, ETC. (IMPRINT)
Place of publication, distribution, etc Oxford [Oxfordshire] ; New York :
Name of publisher, distributor, etc Oxford University Press,
Date of publication, distribution, etc 2011.
300 ## - PHYSICAL DESCRIPTION
Extent 517 p. :
Dimensions 20 cm.
440 ## - SERIES STATEMENT/ADDED ENTRY--TITLE
Title World's classics
650 ## - SUBJECT ADDED ENTRY--TOPICAL TERM
Topical term or geographic name as entry element Christian pilgrims and pilgrimages
General subdivision England
-- Canterbury
-- Poetry
650 ## - SUBJECT ADDED ENTRY--TOPICAL TERM
Topical term or geographic name as entry element Poetry in English, 1066-1400
General subdivision Texts
700 ## - ADDED ENTRY--PERSONAL NAME
Personal name Wright, David
942 ## - ADDED ENTRY ELEMENTS (KOHA)
Koha item type Books
Source of classification or shelving scheme Library of Congress Classification
Holdings
Withdrawn status Lost status Source of classification or shelving scheme Damaged status Home library Current library Shelving location Date acquired Source of acquisition Cost, normal purchase price Total Checkouts Full call number Barcode Date last seen Copy number Price effective from Koha item type
    Library of Congress Classification   College Library College Library Fiction Section     843.00   PR 1865 .C496 2011 C16057 10/08/2018 1 10/10/2013 Books

The Canterbury tales. /

APA

Chaucer G., Wright D., . (2011). The Canterbury tales. Oxford [Oxfordshire] ; New York: Oxford University Press.

Chicago

Chaucer Geoffrey, Wright David, . 2011. The Canterbury tales. Oxford [Oxfordshire] ; New York: Oxford University Press.

Harvard

Chaucer G., Wright D., . (2011). The Canterbury tales. Oxford [Oxfordshire] ; New York: Oxford University Press.

MLA

Chaucer Geoffrey, Wright David, . The Canterbury tales. Oxford [Oxfordshire] ; New York: Oxford University Press. 2011.

  • Place hold
  • Print
  • Cite
  • Add to your cart (remove)
  • Save record
    BIBTEX Dublin Core MARCXML MARC (non-Unicode/MARC-8) MARC (Unicode/UTF-8) MARC (Unicode/UTF-8, Standard) MODS (XML) RIS
  • More searches
    Search for this title in:
    Other Libraries (WorldCat) Other Databases (Google Scholar) Online Stores (Bookfinder.com) Open Library (openlibrary.org)

Exporting to Dublin Core...

SOUTHVILLE LIBRARY

Southville International School and Colleges Library

1281 Tropical Ave. Cor. Luxembourg St., BF Homes International, Las Pinas City

Tel. No. 8256374 / 252358 Loc. 117/146

Powered by Koha